000 00464 a2200145 4500
999 _c2936
_d2936
020 _a9780061771132
050 _aHD 31 WOO 2011
100 _aWooldridge, Adrian
245 _aMasters of management:
_bhow to use business gurus and their ideas have changed the world-for better and for worse/
_cAdrian Wooldridge
264 _aNew York:
_bHarper;
_c2011
300 _axviii,446p.
500 _aincludes index
650 _aManagement
942 _2lcc
_cBK
_h31
_iWOO
_kHD